000 00634cam a2200193 a 4500
001 000006323
005 20200929153921.0
008 950524s1995 fr a 001 0 fre d
020 _a2865375234
040 _aDO-SdBNP
_bspa
_cBNPHU
082 _axxxx
_bB285c
100 1 _aBarthélémy, Mimi.
_917635
245 1 0 _aContes diaboliques d'Haiti :
_bSuivis dʻ un glossaire et illustrés par Clémentine Barthélémy /
_cMimi Barthélémy.
260 _aParis :
_bKarthala,
_c1995.
300 _a119 p. :
_bil. ;
_c20 cm.
490 1 _aContes et légendes
830 0 _aContes et légendes.
_917636
910 _aCatalogación por copia / LC
999 _c6118
_d6118